00688 2200205 4500001002100000005001500021035002500036090001600061245017400077260004400251300002900295008004100324082001000365084001600375100002500391650001700416700001900433700001800452990001200470YOGYA00000000004781420180602115117 a0010-081400000047532 a330.1 Doe V1 aHet Vraagstuk der Kapitaalschaarste in Nederland :bMeer in het Bijzonder de Schaarste aan Risicodragend Kapitaal /cJ.F. Ten Doesschate, E Tekkenbroek, dan J. Witteveen aMartinus Nijhoff :bs-Gravenhage,c1950 a182 hlm :bilus ;c23 cm180602 g 0 dut  a330.1 a330.1 DOE v1 aDoesschate, J.F. Ten aIlmu Ekonomi1 aTekenbroek, E.1 aWitteveen, J. a50864-b